Normal view
MARC view
- الملكية -- قوانين وتشريعات -- الأردن -- حق الملكية -- الأردن
Entry Topical Term
001 - CONTROL NUMBER
- control field: 12215
003 - CONTROL NUMBER IDENTIFIER
- control field: JO-AjAnu
005 - DATE AND TIME OF LATEST TRANSACTION
- control field: 20230606072247.0
008 - FIXED-LENGTH DATA ELEMENTS
- fixed length control field: 230606|| aca||aabn | a|a d
040 ## - CATALOGING SOURCE
- Original cataloging agency: JO-AjAnu
- Transcribing agency: JO-AjAnu
150 ## - HEADING--TOPICAL TERM
- Topical term or geographic name entry element: الملكية -- قوانين وتشريعات -- الأردن -- حق الملكية -- الأردن
670 ## - SOURCE DATA FOUND
- Source citation: Work cat.: (JO-AjAnu)6292: سوار، محمد وحيد الدبن , author 12214, حق الملكية في ذاته في القانون المدني